000 00488nam a2200181 a 4500
001 1762082653800
003 ACL
005 20251102165540.0
008 251102s2006##################000#0#eng##
020 _a9780073012407
082 0 4 _a658.15
_bBRE
100 1 _aBrealey, Richard A.,
_eauthor.
245 1 0 _aSolutions Manual to Accompany Brealey/Myers/Marcus :
260 _bMcGraw-Hill/Irwin,
_c2006.
650 0 _aBusiness & Economics.
942 _cENGLISH
040 _aACL
_beng
_cACL
999 _c595313
_d595313